000 00355nam a2200157Ia 4500
008 230312s9999||||xx |||||||||||||| ||und||
020 _a1-84046-431-3
082 _a520
_bMAR-B
100 _aMary & John Gribbin
245 0 _aBig Numbers
260 _bWizard Books
_aUK
_c2003
300 _a190
546 _aEng.
650 _aEngineering
942 _cBK
999 _c2173
_d2173